Profezia : l'Africa di Pasolini /

Збережено в:
Бібліографічні деталі
Автор: Antonini, Marco Valerio (Композитор)
Інші автори: Borgna, Gianni (Сценарист), Maraini, Dacia (Актор, який читає текст від автора), Libertini, Angelo (Сценарист), Leroy, Philippe (Актор, який читає текст від автора), Herlitzka, Roberto (Актор, який читає текст від автора), Salvati, Sergio, (1934-2025) (Фотограф), Basguit, Hamid (Режисер)
Формат: Слайд
Мова:Італійська мова
Опубліковано: [Roma] : Istituto Luce Cinecittà, 2013
Теги: Додати тег
Немає тегів, Будьте першим, хто поставить тег для цього запису!

MARC

LEADER 00000ngm a22000007i 4500
001 IT\ICCU\UBO\4063140
003 ItRI
005 20260124182808.0
008 140303s2013 it |||||||||||||||k|||||c
024 3 1 |a 8014191930079 
028 4 2 |a LD93007  |b Luce Cinecittà 
040 |b ita 
041 7 |a ita  |2 ISO-639-2 
130 0 |a Profezia: l'Africa di Pasolini <documentario ; 2013>  |3 IT\ICCU\MOD\1640777 
245 0 0 |a Profezia :  |b l'Africa di Pasolini /  |c a cura di Gianni Borgna ; supervisione artistica Enrico Menduni ; regia di Hamid Basguit ; sceneggiatura di Gianni Borgna, Angelo Libertini ; direttore della fotografia Sergio Salvati ; musiche Marco Valerio Antonini. 
260 |a [Roma] :  |b Istituto Luce Cinecittà,  |c 2013 
300 |a 1 DVD-Video (73 min.) ;  |c in contenitore, 19 cm +  |e 1 fascicolo 
500 |a Caratteristiche tecniche: regione 2; PAL; 16:9; DVD 5; Dolby digital 5.1, 2.0 
500 |a Titolo del contenitore 
500 |a Produzione cinematografica Italia/Marocco 2013 
500 |a Lingue: italiano; sottotitoli: italiano per non udenti, inglese 
500 |a Contenuti extra: Pasolini visto dal Luce: una stagione controversa 
700 1 |a Menduni, Enrico ,  |d  (1948- )  |0 IT\ICCU\CFIV\009453  |4 oth 
700 1 |a Borgna, Gianni  |0 IT\ICCU\CFIV\014471  |4 sce 
700 1 |a Maraini, Dacia  |0 IT\ICCU\CFIV\016486  |4 nrt 
700 1 |a Libertini, Angelo  |0 IT\ICCU\CFIV\131937  |4 sce 
700 1 |a Leroy, Philippe  |0 IT\ICCU\RAVV\089109  |4 nrt 
700 1 |a Herlitzka, Roberto  |0 IT\ICCU\SBLV\222247  |4 nrt 
700 1 |a Salvati, Sergio,  |d  (1934-2025)  |0 IT\ICCU\UBOV\006716  |4 pht 
700 1 |a Basguit, Hamid  |0 IT\ICCU\UBOV\401414  |4 drt 
700 1 |a Antonini, Marco Valerio  |0 IT\ICCU\UBOV\401529  |4 cmp 
942 |2 ddc  |c VM  |n 0 
952 |0 0  |1 0  |4 0  |6 VO_2311_000000000000000  |7 0  |9 26396  |a BO  |b BO  |d 2026-01-24  |i 18676  |l 0  |o VO 2311  |p BO18676  |r 2026-01-24 18:28:08  |w 2026-01-24  |x [Sebina 5] [1 dvd]  |y VM  |z 1 dvd 
999 |c 22310  |d 22310